|
|
|
|
| LEADER |
02078nam a2200553 i 4500 |
| 001 |
nkc20162787536 |
| 003 |
CZ PrNK |
| 005 |
20160530102539.0 |
| 007 |
ta |
| 008 |
160419s2015 xr a f 000 0 cze |
| 015 |
|
|
|a cnb002787536
|
| 020 |
|
|
|a 978-80-7290-867-7
|q (brožováno)
|
| 035 |
|
|
|a (OCoLC)951553911
|
| 040 |
|
|
|a ABA001
|b cze
|e rda
|
| 041 |
0 |
|
|a cze
|b cze
|b eng
|
| 043 |
|
|
|a e-xr---
|
| 072 |
|
7 |
|a 37.09
|x Organizace výuky a vzdělávání
|2 Konspekt
|9 22
|
| 080 |
|
|
|a 37.091:005.25
|2 MRF
|
| 080 |
|
|
|a 37.091.12-057.177.3
|2 MRF
|
| 080 |
|
|
|a 37.0-022.324
|2 MRF
|
| 080 |
|
|
|a 303.025
|2 MRF
|
| 080 |
|
|
|a (437.3)
|2 MRF
|
| 080 |
|
|
|a (048.8:082)
|2 MRF
|
| 100 |
1 |
|
|a Trojan, Václav
|7 jx20100519028
|4 aut
|
| 245 |
1 |
0 |
|a Přístupy k managementu vzdělávání v kontextu České republiky /
|c Václav Trojan, Michaela Tureckiová, Jiří Trunda, Miroslava Dvořáková
|
| 264 |
|
1 |
|a V Praze :
|b Univerzita Karlova, Pedagogická fakulta,
|c 2015
|
| 300 |
|
|
|a 84 stran :
|b ilustrace ;
|c 21 cm
|
| 336 |
|
|
|a text
|b txt
|2 rdacontent
|
| 337 |
|
|
|a bez média
|b n
|2 rdamedia
|
| 338 |
|
|
|a svazek
|b nc
|2 rdacarrier
|
| 504 |
|
|
|a Obsahuje bibliografii a bibliografické odkazy
|
| 546 |
|
|
|a České a anglické resumé
|
| 650 |
0 |
7 |
|a management školy
|7 ph118550
|2 czenas
|
| 650 |
0 |
7 |
|a ředitelé škol
|7 ph459481
|2 czenas
|
| 650 |
0 |
7 |
|a celoživotní vzdělávání
|7 ph119091
|2 czenas
|
| 650 |
0 |
7 |
|a empirický výzkum
|7 ph486121
|z Česko
|2 czenas
|
| 650 |
0 |
9 |
|a school management
|2 eczenas
|
| 650 |
0 |
9 |
|a school principals
|2 eczenas
|
| 650 |
0 |
9 |
|a permanent education
|2 eczenas
|
| 650 |
0 |
9 |
|a empirical research
|z Czechia
|2 eczenas
|
| 655 |
|
7 |
|a kolektivní monografie
|7 fd501537
|2 czenas
|
| 655 |
|
9 |
|a collective monographs
|2 eczenas
|
| 700 |
1 |
|
|a Tureckiová, Michaela
|7 xx0022818
|4 aut
|
| 700 |
1 |
|
|a Trunda, Jiří
|7 jx20090520036
|4 aut
|
| 700 |
1 |
|
|a Dvořáková, Miroslava,
|d 1979-
|7 mzk2005286724
|4 aut
|
| 910 |
2 |
|
|a BOA001
|b 2-1368.930
|
| 990 |
|
|
|a BK
|
| 995 |
|
|
|a 01
|
| 996 |
6 |
|
|b 2610671581
|c 2-1368.930
|l MZK
|r Sklad / do 1 hodiny
|n 5
|p p.v.
|w 001563459
|u 000010
|a 1
|e BOA001
|j MZK50
|s P
|